| 000 | 01028nam a22002057a 4500 | ||
|---|---|---|---|
| 003 | OSt | ||
| 005 | 20260313051729.0 | ||
| 008 | 260313b |||||||| |||| 00| 0 eng d | ||
| 020 | _a971-11-0617-5 | ||
| 040 |
_aDWC-Main lib. _cOC |
||
| 082 | _aGR. 348.044 Su959 | ||
| 110 | _aEDITORIAL STAFF OF THE CENTRAL LAWBOOK PUBLISHING CO., INC | ||
| 245 |
_aSupreme Court reports : _bannotated/ _cEDITORIAL STAFF OF THE CENTRAL LAWBOOK PUBLISHING CO., INC |
||
| 260 |
_aManila, Philippines : _bCentral Lawbook |
||
| 300 |
_avarious paging : _c23 cm |
||
| 501 | _avolume 11 to 20 | ||
| 504 | _av.11 - May to August 30, 1969 v.12 - September to Decemeber 31, 1969 v.13 - January to April 30, 1969 v.14 - May to August 31, 1969 v.15 - Septemeber to December 31, 1969 v.16 - January to April 30, 1966 v.17 - May to August 31, 1966 v.18 - September to December 31, 1966 v.19 - January to April 30, 1967 v.20 - May to August 31, 1967 | ||
| 650 | _a1. Law reports, digests, etc.--- Philippines. | ||
| 942 |
_2ddc _cBK-GR _hGR. _n0 |
||
| 999 |
_c9111 _d9111 |
||